[Event "StL-B-West 2002/03"]
[Site "St. Veit"]
[Date "2002.10.12"]
[Round "2"]
[Board "2"]
[White "Heinzel, Olaf"]
[Black "Micheli, Carlo"]
[Result "1-0"]
[WhiteElo "2371"]
[BlackElo "2350"]
[PlyCount "79"]

1.d4 d6 2.c4 e5 3.dxe5 dxe5 4.Qxd8+ Kxd8 5.Nc3 Be6 6.b3 Nd7 7.g3 c6 8.Nf3 f6
9.Bg2 a5 10.O-O Kc7 11.Ne1 g5 12.f4 h6 13.Nd3 exf4 14.gxf4 a4 15.Rb1 axb3
16.axb3 Ne7 17.e4 Nc8 18.Be3 Ra3 19.Rfc1 Kb8 20.Kh1 Be7 21.Rc2 Rd8 22.Bc1 Ra8
23.f5 Bf7 24.Bb2 Bd6 25.Ne2 Re8 26.Rd2 Bc7 27.Nf2 Ncb6 28.Ng4 Bd8 29.Nxh6 Bh5
30.Ng3 Rh8 31.Nxh5 Rxh6 32.c5 Rxh5 33.cxb6 Kc8 34.Rbd1 Rh7 35.e5 fxe5 36.f6 Ra5
37.Rxd7 Rxd7 38.Bh3 Rad5 39.Rxd5 cxd5 40.Bxe5

[Event "StL-B-West 2002/03"]
[Site "St. Veit"]
[Date "2002.10.12"]
[Round "2"]
[Board "3"]
[White "Deglmann, Ludwig"]
[Black "Wegerle, Joerg"]
[Result "1/2-1/2"]
[WhiteElo "2269"]
[BlackElo "2365"]
[PlyCount "102"]

1.d4 d5 2.Nf3 Nf6 3.c4 e6 4.e3 c6 5.b3 Nbd7 6.Bd3 Bd6 7.Bb2 Qe7 8.Ne5 Nxe5
9.dxe5 Bb4+ 10.Nd2 Nd7 11.O-O O-O 12.a3 Ba5 13.b4 Bc7 14.f4 a5 15.Qc2 g6 16.cxd5
exd5 17.Qc3 axb4 18.axb4 Rxa1 19.Bxa1 Nb6 20.Nf3 d4 21.Nxd4 Nd5 22.Qe1 Qxb4
23.Qg3 Qd2 24.e4 Ne3 25.Re1 Nxg2 26.Re2 Qc1+ 27.Kxg2 Qxa1 28.Nf3 Qc3 29.Bb1 Re8
30.Ba2 Be6 31.Bxe6 Rxe6 32.Qh4 Qd3 33.Re1 Bd8 34.Qh3 Bb6 35.f5 Rxe5 36.f6 Re6
37.e5 Qf5 38.Qxf5 gxf5 39.Ng5 Bd4 40.Nxe6 fxe6 41.Kf3 b5 42.Kf4 b4 43.Rd1 c5
44.Rd3 h6 45.h4 Kf7 46.Rg3 c4 47.Rg7+ Kf8 48.Rc7 c3 49.Rc8+ Kf7 50.Rc7+ Kf8
51.Rc8+ Kf7

[Event "StL-B-West 2002/03"]
[Site "St. Veit"]
[Date "2002.10.12"]
[Round "2"]
[Board "4"]
[White "Duer, Werner"]
[Black "Hoellrigl, Wilfried"]
[Result "1/2-1/2"]
[WhiteElo "2285"]
[BlackElo "2219"]
[PlyCount "86"]

1.e4 c5 2.Nf3 Nc6 3.Nc3 e6 4.d4 cxd4 5.Nxd4 Nf6 6.Ndb5 d6 7.Bf4 e5 8.Bg5 a6
9.Bxf6 gxf6 10.Na3 b5 11.Nd5 Bg7 12.c3 f5 13.exf5 Bxf5 14.Nc2 Be6 15.Nce3 Ne7
16.g3 Nxd5 17.Nxd5 O-O 18.Bg2 a5 19.a3 Rb8 20.O-O f5 21.Qh5 Kh8 22.Rfe1 Bf7
23.Qd1 Qd7 24.Qd2 e4 25.f3 exf3 26.Bxf3 Be5 27.Kh1 Bxd5 28.Qxd5 Qg7 29.Rad1 Rf6
30.Rxe5 dxe5 31.Qxe5 Rff8 32.Qf4 Rbc8 33.Rd5 Rc4 34.Qd2 f4 35.g4 b4 36.axb4 axb4
37.cxb4 Qc7 38.Rd7 Rc1+ 39.Bd1 Qc4 40.Kg1 Re8 41.Kf2 Rb1 42.Rd8 Rxd8 43.Qxd8+
Qg8

[Event "StL-B-West 2002/03"]
[Site "St. Veit"]
[Date "2002.10.12"]
[Round "2"]
[Board "1"]
[White "Novkovic, Milan"]
[Black "Mathe, Gaspar"]
[Result "1-0"]
[WhiteElo "2375"]
[BlackElo "2363"]
[PlyCount "127"]

1.Nf3 d5 2.d4 Nf6 3.c4 e6 4.Bg5 Nbd7 5.e3 c6 6.Nbd2 Be7 7.Be2 b6 8.O-O O-O 9.Rc1
Bb7 10.Qc2 c5 11.Rfd1 cxd4 12.Nxd4 Rc8 13.Qb1 Ne5 14.f3 Qd7 15.Bh4 Rfd8 16.Bf2
Bb4 17.cxd5 Rxc1 18.Qxc1 exd5 19.Qb1 Rc8 20.a3 Bd6 21.Rc1 Rxc1+ 22.Qxc1 a6
23.Qc2 b5 24.Bg3 Nc4 25.Bxd6 Qxd6 26.Qc3 Qe5 27.Nf1 Nd7 28.Kf2 g6 29.a4 bxa4
30.Bxc4 dxc4 31.Qxc4 Nc5 32.Kg1 Qd6 33.Qb4 Qc7 34.Qc3 Qb6 35.Nd2 a5 36.Nc4 Qb4
37.Nxa5 Qxc3 38.bxc3 Ba6 39.Nc2 Bd3 40.Na3 f5 41.Kf2 Kf7 42.Nc6 Ke6 43.Nb4 Kd6
44.c4 g5 45.Ke1 h6 46.Nb5+ Ke5 47.Nxd3+ Nxd3+ 48.Kd2 Nb4 49.Kc3 Na2+ 50.Kd2 Nb4
51.g3 f4 52.exf4+ gxf4 53.g4 h5 54.gxh5 Kf6 55.Kc3 Nc6 56.Nd4 Ne7 57.Kb4 Kg5
58.Kxa4 Kxh5 59.Kb4 Kh4 60.Kc5 Kh3 61.Kd6 Nc8+ 62.Kc7 Ne7 63.Kd7 Ng6 64.Kd6

[Event "StL-B-West 2002/03"]
[Site "St. Veit"]
[Date "2002.10.12"]
[Round "2"]
[Board "2"]
[White "Bensch, Patrick"]
[Black "Gaertner, Guntram"]
[Result "0-1"]
[WhiteElo "2298"]
[BlackElo "2354"]
[PlyCount "75"]

1.e4 c6 2.d4 d5 3.Nd2 g6 4.Ngf3 Bg7 5.h3 Nh6 6.Bd3 dxe4 7.Nxe4 Nf5 8.c3 O-O
9.O-O Nd6 10.Ng3 Nd7 11.Bf4 c5 12.Qd2 cxd4 13.cxd4 b6 14.Bh6 Bb7 15.Bxg7 Kxg7
16.Qf4 Bxf3 17.Qxf3 Nf6 18.Rac1 Rc8 19.Ba6 Rxc1 20.Rxc1 b5 21.Qc6 Qa5 22.a3 Rb8
23.Qc7 Rb6 24.Bc8 Qd2 25.Qc3 Qxc3 26.Rxc3 b4 27.Rc5 bxa3 28.bxa3 h5 29.f3 Rb1+
30.Kf2 Ra1 31.Ba6 Rxa3 32.Bf1 h4 33.Ne2 Nh5 34.Nc3 a5 35.Bd3 Nf4 36.Ke3 Nxg2+
37.Kd2 Nf4 38.Bb1

[Event "StL-B-West 2002/03"]
[Site "St. Veit"]
[Date "2002.10.12"]
[Round "2"]
[Board "3"]
[White "Grabher, Heinz"]
[Black "Ager, Josef"]
[Result "1/2-1/2"]
[WhiteElo "2228"]
[BlackElo "2223"]
[PlyCount "125"]

1.e4 Nf6 2.e5 Nd5 3.d4 d6 4.c4 Nb6 5.f4 g6 6.Be3 Bg7 7.Nc3 Be6 8.Nf3 O-O 9.b3 c5
10.dxc5 N6d7 11.cxd6 exd6 12.Qxd6 Nxe5 13.Qxd8 Nxf3+ 14.gxf3 Rxd8 15.Rc1 Nc6
16.Ne4 Nb4 17.Nc5 Bf5 18.Nxb7 Re8 19.Kf2 Nxa2 20.Rd1 Re7 21.Nd6 Bc2 22.Rd2 Bxb3
23.Bd3 Nc3 24.f5 a5 25.Ne4 Nxe4+ 26.Bxe4 Rc8 27.c5 a4 28.c6 Bf6 29.Bc5 Ree8
30.h4 gxf5 31.Rg1+ Kh8 32.Bxf5 Rxc6 33.Ba3 Bxh4+ 34.Kg2 Rg8+ 35.Kh2 Rxg1 36.Kxg1
Bf6 37.Rh2 Bd4+ 38.Kg2 h6 39.Rh4 Bc3 40.Bd7 Rf6 41.Bxa4 Bd5 42.Bd1 Kg7 43.Bb4
Bxb4 44.Rxb4 Rc6 45.Bb3 Be6 46.Bxe6 fxe6 47.Kg3 Rc5 48.Rb7+ Kg6 49.Re7 Re5
50.Re8 h5 51.Rg8+ Kf7 52.Rh8 Rg5+ 53.Kh4 Rf5 54.Rxh5 Rxf3 55.Kg4 Rf1 56.Re5 Ke7
57.Re2 Kd6 58.Rd2+ Kc5 59.Re2 Kd6 60.Rd2+ Ke7 61.Re2 Kf6 62.Re3 e5 63.Rf3+

[Event "StL-B-West 2002/03"]
[Site "St. Veit"]
[Date "2002.10.12"]
[Round "2"]
[Board "4"]
[White "Heiduczek, Josef"]
[Black "Atlas, Dmitry"]
[Result "0-1"]
[WhiteElo "2239"]
[BlackElo "2258"]
[PlyCount "46"]

1.e4 e6 2.d4 d5 3.Nd2 Nf6 4.e5 Nfd7 5.c3 c5 6.f4 Nc6 7.Ndf3 Qb6 8.h4 Be7 9.Nh3
cxd4 10.cxd4 f6 11.Bd3 f5 12.Bc2 Nf8 13.h5 Bd7 14.Nf2 O-O-O 15.a3 Kb8 16.b3 Rc8
17.Bb2 Na5 18.g4 Nc4 19.bxc4 Qxb2 20.gxf5 Rxc4 21.Bd3 Rxd4 22.h6 gxh6 23.f6 Bc5

[Event "StL-B-West 2002/03"]
[Site "St. Veit"]
[Date "2002.10.12"]
[Round "2"]
[Board "5"]
[White "Pierecker, Markus"]
[Black "Spiesberger, Gerhard"]
[Result "1/2-1/2"]
[WhiteElo "2276"]
[BlackElo "2093"]
[PlyCount "80"]

1.e4 d5 2.exd5 Qxd5 3.Nf3 Bg4 4.Be2 Nc6 5.O-O O-O-O 6.d3 e5 7.Nc3 Qd7 8.Re1 Nf6
9.h3 Be6 10.Bf1 Bd6 11.Be3 Nd5 12.Nxd5 Bxd5 13.c4 Bxf3 14.Qxf3 Nd4 15.Bxd4 exd4
16.g3 Rhe8 17.Bg2 c6 18.Re4 Be7 19.Rae1 Bf6 20.b4 Rxe4 21.Qxe4 h6 22.a4 Qd6
23.b5 Rd7 24.bxc6 bxc6 25.Qe8+ Bd8 26.h4 Kc7 27.Re5 Re7 28.Rxe7+ Bxe7 29.a5 Qe6
30.Qa8 Qe1+ 31.Kh2 Qxa5 32.Qxc6+ Kd8 33.Bh3 f5 34.Qa8+ Kc7 35.Qe8 Qe1 36.Kg2 Qe6
37.Bxf5 Qc6+ 38.Qxc6+ Kxc6 39.Kf3 a5 40.Ke2 a4

[Event "StL-B-West 2002/03"]
[Site "St. Veit"]
[Date "2002.10.12"]
[Round "2"]
[Board "6"]
[White "Fruehauf, Norbert"]
[Black "Sandholzer, Robert"]
[Result "1-0"]
[WhiteElo "2082"]
[BlackElo "2138"]
[PlyCount "137"]

1.e4 c6 2.d4 d5 3.Nc3 dxe4 4.Nxe4 Bf5 5.Ng3 Bg6 6.h4 h6 7.Nf3 Nd7 8.h5 Bh7 9.Bd3
Bxd3 10.Qxd3 Qc7 11.Bd2 e6 12.Qe2 Ngf6 13.O-O-O O-O-O 14.Ne5 Nb6 15.Ba5 Rd5
16.Bxb6 axb6 17.c4 Rd8 18.Rd3 c5 19.Rhd1 Rxd4 20.Rxd4 cxd4 21.Rxd4 Bc5 22.Rd2
Rd8 23.Rxd8+ Kxd8 24.f4 Bd6 25.Kb1 Bxe5 26.fxe5 Nd7 27.Qg4 Qxe5 28.Ne2 Ke8
29.Qf3 Nc5 30.Kc2 Na4 31.Kb3 b5 32.Nc3 Nc5+ 33.Kb4 Na6+ 34.Kb3 bxc4+ 35.Kxc4
Qc5+ 36.Kb3 Qd4 37.a3 Nc5+ 38.Kc2 e5 39.Qf5 e4 40.Qc8+ Ke7 41.Qc7+ Ke6 42.Qc8+
Kf6 43.Kb1 e3 44.Qxc5 Qxc5 45.Ne4+ Ke5 46.Nxc5 Kd4 47.Nb3+ Kd3 48.Nc1+ Kd2 49.a4
e2 50.Nxe2 Kxe2 51.Kc2 Kf2 52.a5 Kxg2 53.b4 f5 54.b5 f4 55.a6 f3 56.axb7 f2
57.b8=Q f1=Q 58.Qb7+ Kh2 59.Qc7+ Kh3 60.Qd7+ Kh4 61.Qd4+ Kg5 62.Qd5+ Kf6 63.Kc3
Ke7 64.Qe5+ Kd8 65.Kb4 Qf8+ 66.Kc4 Qf1+ 67.Kc5 Qc1+ 68.Kd5 Qd1+ 69.Kc6

[Event "StL-B-West 2002/03"]
[Site "St. Veit"]
[Date "2002.10.12"]
[Round "2"]
[Board "1"]
[White "Lanka, Zigurds"]
[Black "Umansky, Mikhail"]
[Result "1-0"]
[WhiteElo "2504"]
[BlackElo "2415"]
[PlyCount "67"]

1.e4 g6 2.d4 Bg7 3.Nc3 d6 4.f4 Nf6 5.Nf3 O-O 6.Be3 b6 7.Qe2 c5 8.O-O-O Bb7 9.e5
Ng4 10.Bg1 cxd4 11.Nxd4 Nh6 12.h4 e6 13.Ndb5 d5 14.g4 Ba6 15.Be3 Nc6 16.h5 d4
17.hxg6 fxg6 18.Qh2 dxe3 19.Rxd8 Raxd8 20.Bc4 Nd4 21.f5 Nf3 22.Qh3 Nxe5 23.Bxe6+
Kh8 24.g5 Bb7 25.gxh6 Bf6 26.Rf1 Bg5 27.Ne2 gxf5 28.Qg3 Ng4 29.Rxf5 Bxh6 30.Qxg4
Rfe8 31.Qh4 Bg7 32.Rh5 Be4 33.Qxe4 h6 34.Nf4

[Event "StL-B-West 2002/03"]
[Site "St. Veit"]
[Date "2002.10.12"]
[Round "2"]
[Board "2"]
[White "Klundt, Klaus"]
[Black "Kleissl, Helmut"]
[Result "1/2-1/2"]
[WhiteElo "2385"]
[BlackElo "2321"]
[PlyCount "117"]

1.e4 d6 2.d4 Nf6 3.Nc3 g6 4.Nf3 Bg7 5.Be2 O-O 6.O-O Bg4 7.Be3 Nc6 8.d5 Nb8 9.Re1
c6 10.h3 Bxf3 11.Bxf3 Nbd7 12.dxc6 bxc6 13.Qd2 Qc7 14.Rad1 Rab8 15.b3 Rfe8
16.Bh6 Qa5 17.Nd5 Qxd2 18.Nxf6+ Bxf6 19.Bxd2 c5 20.Be2 g5 21.g3 Kg7 22.Kh2 h6
23.f4 Kf8 24.Bg4 e6 25.Ba5 Bd8 26.Bxd8 Rbxd8 27.Rxd6 Nf6 28.Rd3 Nxg4+ 29.hxg4
Rxd3 30.cxd3 a5 31.Rc1 a4 32.Rc3 Ke7 33.Kg2 Kd6 34.Kf3 Ra8 35.a3 axb3 36.Rxb3 c4
37.e5+ Kd5 38.dxc4+ Kxc4 39.Rb7 Rxa3+ 40.Kg2 Kd5 41.Rxf7 Ke4 42.Rf6 Ra2+ 43.Kh3
gxf4 44.gxf4 Ra1 45.f5 exf5 46.Rxf5 Kd5 47.Kg2 Ra3 48.Rh5 Rb3 49.Rxh6 Kxe5
50.Rh3 Rxh3 51.Kxh3 Kf6 52.Kh4 Kg6 53.g5 Kg7 54.Kh5 Kh7 55.g6+ Kg7 56.Kg5 Kg8
57.Kf6 Kf8 58.g7+ Kg8 59.Kg6

[Event "StL-B-West 2002/03"]
[Site "St. Veit"]
[Date "2002.10.12"]
[Round "2"]
[Board "3"]
[White "Kroell, Johannes"]
[Black "Hinteregger, Arthur"]
[Result "0-1"]
[WhiteElo "2123"]
[BlackElo "2222"]
[PlyCount "108"]

1.Nc3 d5 2.e4 e6 3.f4 Nf6 4.e5 Nfd7 5.Nf3 c5 6.g3 Nc6 7.Bh3 Be7 8.O-O O-O 9.d3
a6 10.Ne2 b5 11.c3 b4 12.d4 Rb8 13.f5 exf5 14.Bxf5 Nb6 15.Bxc8 Rxc8 16.Qd3 bxc3
17.bxc3 cxd4 18.cxd4 Nb4 19.Qb3 a5 20.a3 a4 21.Qb1 Nc6 22.Qb5 Na7 23.Qa6 Ra8
24.Rb1 Nac8 25.Qd3 Nc4 26.Nf4 N8b6 27.h4 h6 28.Nh2 Qd7 29.Nh5 Qc6 30.Nf4 Qd7
31.Qf3 Rab8 32.Ng4 Qc8 33.Nf2 Qd7 34.Qh5 Bxa3 35.Ng4 Bxc1 36.Rbxc1 Qc6 37.Nf6+
Kh8 38.Qg6 Qxf6 39.exf6 fxg6 40.Nxg6+ Kh7 41.Nxf8+ Rxf8 42.f7 g6 43.Rce1 Kg7
44.Re7 a3 45.g4 Nd2 46.Rf4 Nc8 47.Re3 Nc4 48.Ref3 N8d6 49.h5 Rxf7 50.Rxf7+ Nxf7
51.Rf2 Nfd6 52.Kg2 Nb5 53.hxg6 Kxg6 54.Kg3 Nxd4

[Event "StL-B-West 2002/03"]
[Site "St. Veit"]
[Date "2002.10.12"]
[Round "2"]
[Board "4"]
[White "Gottsmann, Herbert"]
[Black "Schiestl, Josef"]
[Result "1-0"]
[WhiteElo "2193"]
[BlackElo "2170"]
[PlyCount "80"]

1.e4 g6 2.c4 Bg7 3.d4 d6 4.Nc3 Nf6 5.Bd3 e5 6.d5 O-O 7.Nge2 a5 8.h3 Na6 9.Be3
Nc5 10.Bc2 Ne8 11.g4 Qh4 12.Qd2 Qe7 13.Ng3 b6 14.O-O-O a4 15.b4 axb3 16.axb3 Bd7
17.Kb2 Kh8 18.Ra1 Nf6 19.Bg5 Rfb8 20.b4 Nb7 21.f3 Qf8 22.h4 Rxa1 23.Rxa1 Ra8
24.Rh1 h6 25.Be3 Ng8 26.h5 g5 27.Ra1 Rxa1 28.Kxa1 Bf6 29.Kb2 Qa8 30.Qd1 Ne7
31.Ba4 Bxa4 32.Qxa4 Qxa4 33.Nxa4 Kg8 34.Kb3 Kf8 35.c5 bxc5 36.bxc5 Ke8 37.c6 Nd8
38.Nc3 Ndxc6 39.dxc6 Bg7 40.Nf5 Bf8

[Event "StL-B-West 2002/03"]
[Site "St. Veit"]
[Date "2002.10.12"]
[Round "2"]
[Board "1"]
[White "Bertagnolli, Alexander"]
[Black "Dobos, Jozsef"]
[Result "1/2-1/2"]
[WhiteElo "2294"]
[BlackElo "2311"]
[PlyCount "108"]

1.Nf3 g6 2.d4 Bg7 3.e4 c6 4.Nc3 d6 5.h3 b5 6.Bd3 e5 7.dxe5 dxe5 8.Bg5 Ne7 9.Qd2
h6 10.Be3 Nd7 11.g4 a6 12.a4 Bb7 13.Ne2 Qc7 14.c4 bxc4 15.Bxc4 Nf6 16.Ng3 c5
17.Qc2 Nd7 18.b4 Nc6 19.Bxc5 Nxc5 20.bxc5 O-O 21.O-O Nd4 22.Nxd4 exd4 23.Rac1
Kh8 24.Bd5 Rad8 25.Rb1 Bxd5 26.exd5 Rxd5 27.Rfc1 d3 28.Qd2 Rxc5 29.Rxc5 Qxc5
30.Qxd3 Bd4 31.Qf3 Kg7 32.Rb7 Be5 33.Kg2 Qc4 34.Qe4 Qxe4+ 35.Nxe4 Rc8 36.a5 Rc4
37.Nd2 Rc2 38.Nb3 Ra2 39.Kf3 Bc3 40.Rb6 Be1 41.Rxa6 Rxf2+ 42.Ke4 f5+ 43.gxf5
gxf5+ 44.Kd5 f4 45.Ke4 Rb2 46.Rb6 Bxa5 47.Rb7+ Kg6 48.Nxa5 Rxb7 49.Nxb7 Kg5
50.Nd6 Kh4 51.Nf5+ Kxh3 52.Kf3 Kh2 53.Nh4 Kg1 54.Ke2 Kh2

[Event "StL-B-West 2002/03"]
[Site "St. Veit"]
[Date "2002.10.12"]
[Round "2"]
[Board "2"]
[White "Schmidt, Georg"]
[Black "Astl, Peter"]
[Result "1/2-1/2"]
[WhiteElo "2246"]
[BlackElo "2280"]
[PlyCount "29"]

1.e4 c6 2.d4 d5 3.exd5 cxd5 4.c4 Nf6 5.Nc3 g6 6.Bg5 Bg7 7.Bxf6 Bxf6 8.Nxd5 Bg7
9.Nf3 Nc6 10.Be2 e6 11.Nc3 Nxd4 12.Nxd4 Bxd4 13.Qb3 Qf6 14.O-O O-O 15.Bf3

[Event "StL-B-West 2002/03"]
[Site "St. Veit"]
[Date "2002.10.12"]
[Round "2"]
[Board "3"]
[White "Mittelberger, Peter"]
[Black "Kunze, Holger"]
[Result "0-1"]
[WhiteElo "2259"]
[BlackElo "2247"]
[PlyCount "92"]

1.e4 e6 2.d4 d5 3.Nc3 Bb4 4.e5 Ne7 5.a3 Bxc3+ 6.bxc3 c5 7.Qg4 O-O 8.Bd3 Qa5
9.Bd2 Nbc6 10.Nf3 f5 11.exf6 Rxf6 12.Qh5 Nf5 13.g4 c4 14.g5 Rf8 15.Bxf5 Rxf5
16.Nh4 g6 17.Qe2 Rf7 18.f4 Bd7 19.Nf3 Raf8 20.O-O Qc7 21.Rf2 Qd6 22.h4 Rg7
23.Nh2 Ne7 24.a4 Nf5 25.Bc1 Qc7 26.Qg4 h5 27.gxh6 Nxh6 28.Qe2 Rf5 29.Rg2 Rh5
30.Ng4 Nxg4 31.Qxg4 e5 32.Qg3 e4 33.a5 Bf5 34.Bd2 Rgh7 35.Kf2 Qd8 36.Rh2 Rxh4
37.Rxh4 Rxh4 38.Rg1 Rg4 39.Qh2 Rh4 40.Qg3 Rh5 41.Rg2 Qxa5 42.Rh2 Rxh2+ 43.Qxh2
Qd8 44.Ke3 Qf6 45.Bc1 Qh8 46.Qxh8+ Kxh8

[Event "StL-B-West 2002/03"]
[Site "St. Veit"]
[Date "2002.10.12"]
[Round "2"]
[Board "4"]
[White "Opl, Klaus"]
[Black "Eybl, Alexander"]
[Result "1-0"]
[WhiteElo "2279"]
[BlackElo "2233"]
[PlyCount "79"]

1.e4 c5 2.Nf3 e6 3.d4 cxd4 4.Nxd4 a6 5.Bd3 d6 6.O-O Nf6 7.c4 Be7 8.Nc3 Qc7 9.Kh1
Nbd7 10.f4 b6 11.Qe2 Bb7 12.Bd2 O-O 13.Rae1 Rfd8 14.Rf3 Bf8 15.Rh3 g6 16.Nf3 Bg7
17.Ng5 Nf8 18.Rf1 Bc6 19.f5 exf5 20.exf5 Re8 21.Qf2 Qb7 22.Rh4 Rad8 23.Nd5 Bxd5
24.cxd5 h6 25.fxg6 hxg5 26.Bxg5 Nxg6 27.Bxg6 fxg6 28.Bxf6 Rf8 29.Rf4 Bh6 30.Rf3
Rde8 31.Qg3 Kh7 32.Qxd6 Re2 33.h3 Rd2 34.Qc6 Qxc6 35.dxc6 Rc8 36.Bc3 Rd6 37.Rf7+
Kg8 38.c7 Re6 39.Rd7 Bg5 40.Rg7+

[Event "StL-B-West 2002/03"]
[Site "St. Veit"]
[Date "2002.10.12"]
[Round "2"]
[Board "5"]
[White "Neuschmied, Siegfried"]
[Black "Enigl, Karl"]
[Result "1/2-1/2"]
[WhiteElo "2185"]
[BlackElo "2187"]
[PlyCount "81"]

1.e4 Nf6 2.e5 Nd5 3.d4 d6 4.c4 Nb6 5.exd6 exd6 6.Nc3 Nc6 7.h3 Bf5 8.Be3 Be7
9.Nf3 O-O 10.d5 Ne5 11.Nd4 Bc8 12.b3 c5 13.dxc6 bxc6 14.Be2 d5 15.cxd5 Bb4
16.Bd2 Nxd5 17.Nxd5 Bxd2+ 18.Qxd2 Qxd5 19.O-O c5 20.Bf3 Nxf3+ 21.Nxf3 Bb7 22.Qf4
Rac8 23.Rfd1 Qe4 24.Qxe4 Bxe4 25.Rd7 Bxf3 26.gxf3 c4 27.bxc4 Rxc4 28.Rxa7 Rfc8
29.Rd1 Rc1 30.Rxc1 Rxc1+ 31.Kg2 g6 32.a4 Ra1 33.Kg3 Ra2 34.a5 Kg7 35.a6 Kf6
36.Ra8 h5 37.a7 Kf5 38.f4 Ra3+ 39.f3 Ra2 40.h4 Kf6 41.Kh3

[Event "StL-B-West 2002/03"]
[Site "St. Veit"]
[Date "2002.10.12"]
[Round "2"]
[Board "1"]
[White "Riemelmoser, Franz"]
[Black "Volke, Karsten"]
[Result "1/2-1/2"]
[WhiteElo "2320"]
[BlackElo "2450"]
[PlyCount "80"]

1.c4 e5 2.g3 c6 3.d4 exd4 4.Qxd4 d5 5.cxd5 cxd5 6.Bg2 Nf6 7.Nf3 Nc6 8.Qa4 Be7
9.O-O O-O 10.Nc3 Be6 11.Rd1 Qb6 12.Qb5 Bc5 13.Qxb6 axb6 14.Nb5 Ra4 15.b3 Ra5
16.a4 Bf5 17.Nfd4 Bg6 18.Bb2 Raa8 19.Rac1 Rac8 20.Bh3 Rce8 21.Kf1 Bh5 22.f3 Re3
23.Rc3 Rfe8 24.Rxe3 Rxe3 25.Bc8 Bg6 26.Bxb7 Na5 27.Bc8 Nxb3 28.Nxb3 Rxb3 29.Bxf6
gxf6 30.Rxd5 Rb1+ 31.Kg2 Rb2 32.Nd4 Bxd4 33.Rxd4 Rxe2+ 34.Kh3 Re8 35.Bb7 Bf5+
36.g4 Rb8 37.Bc6 Rc8 38.Rd6 Be6 39.Kg3 h6 40.Be4 Rc4

[Event "StL-B-West 2002/03"]
[Site "St. Veit"]
[Date "2002.10.12"]
[Round "2"]
[Board "2"]
[White "Weindl, Alfred"]
[Black "Bronznik, Valeri"]
[Result "1-0"]
[WhiteElo "2371"]
[BlackElo "2399"]
[PlyCount "81"]

1.Nf3 d5 2.g3 Nc6 3.c4 d4 4.d3 e5 5.Bg2 Bc5 6.O-O Nf6 7.b4 Nxb4 8.Nxe5 O-O 9.Nd2
Bd6 10.Nef3 c5 11.Nb3 Rb8 12.e3 dxe3 13.Bxe3 b6 14.d4 Bf5 15.dxc5 bxc5 16.Nxc5
Qc7 17.Nb3 Bc2 18.Qc1 Qxc4 19.Nfd4 Bd3 20.Qxc4 Bxc4 21.Rfc1 Bd5 22.Nf5 Bxg2
23.Kxg2 Be5 24.Bxa7 Rb7 25.Bd4 Ng4 26.h3 Bxd4 27.Nfxd4 Nf6 28.a4 Nd3 29.Rd1 Nb4
30.a5 Na6 31.Rdc1 Ne4 32.Rc6 Nb8 33.Rb6 Rxb6 34.axb6 Nd7 35.Ra6 Nd6 36.Nc6 f6
37.Nba5 Nc5 38.Ra7 Nb5 39.Re7 Rc8 40.b7 Nxb7 41.Rxb7

[Event "StL-B-West 2002/03"]
[Site "St. Veit"]
[Date "2002.10.12"]
[Round "2"]
[Board "3"]
[White "Scheffknecht, Philipp"]
[Black "Poettinger, Harald"]
[Result "0-1"]
[WhiteElo "2183"]
[BlackElo "2222"]
[PlyCount "110"]

1.d4 f5 2.c4 e6 3.g3 Nf6 4.Bg2 d5 5.Nf3 c6 6.O-O Bd6 7.e3 O-O 8.b3 Qe7 9.a4 a5
10.Ba3 Bxa3 11.Nxa3 b6 12.Qc2 Ne4 13.Rfc1 Bb7 14.cxd5 exd5 15.Ne5 Qe6 16.Qb2 Na6
17.Nc2 c5 18.Ne1 Rac8 19.N1d3 g5 20.h4 h6 21.h5 Nf6 22.Ng6 Rf7 23.dxc5 bxc5
24.Qc3 Qb6 25.Qe5 Re8 26.Qc3 Kh7 27.Nde5 Rc7 28.Rd1 Nb4 29.Bh3 Bc8 30.Bg2 Bb7
31.Bh3 Qe6 32.g4 fxg4 33.Bf1 Ne4 34.Qb2 Qf5 35.Rac1 Rec8 36.Bg2 Nf6 37.Qe2 Nxh5
38.e4 Nf4 39.Qb5 dxe4 40.Rd6 Nxg6 41.Nxg6 Rf7 42.Qb6 Rc6 43.Rxc6 Bxc6 44.Qxc5
Kxg6 45.Qd4 Qxf2+ 46.Qxf2 Rxf2 47.Rxc6+ Nxc6 48.Bxe4+ Rf5 49.Bxc6 Rf4 50.Kg2 h5
51.Be8+ Kh6 52.Bc6 h4 53.Be4 Kg7 54.Bc6 Kf6 55.Bd5 Ke5

[Event "StL-B-West 2002/03"]
[Site "St. Veit"]
[Date "2002.10.12"]
[Round "2"]
[Board "4"]
[White "Bezler, Rainer"]
[Black "Rotfuss, Oliver"]
[Result "1/2-1/2"]
[WhiteElo "2253"]
[BlackElo "2168"]
[PlyCount "130"]

1.d4 Nf6 2.c4 e6 3.Nf3 d5 4.Nc3 Be7 5.Bg5 c6 6.e3 Nbd7 7.Bd3 dxc4 8.Bxc4 Nd5
9.Bxe7 Qxe7 10.O-O O-O 11.e4 Nxc3 12.bxc3 Rd8 13.Qe2 e5 14.h3 c5 15.Rad1 exd4
16.cxd4 cxd4 17.Nxd4 Nb6 18.Bb3 Bd7 19.e5 Re8 20.f4 Qc5 21.Kh1 Re7 22.Qf2 Rc8
23.e6 Be8 24.f5 f6 25.Nc2 Qxf2 26.Rxf2 Kf8 27.Ne3 Bc6 28.Rfd2 Rec7 29.Kg1 Ke7
30.Rd4 Be8 31.R1d2 Bc6 32.Kf2 Rg8 33.g4 h6 34.Bd1 Rcc8 35.a4 Rgd8 36.a5 Na8
37.Nc4 Rxd4 38.Rxd4 Nc7 39.Bf3 Rd8 40.Rxd8 Kxd8 41.Bxc6 bxc6 42.Ke3 Nb5 43.Kd3
Kc7 44.Nd2 c5 45.Kc4 Kc6 46.Ne4 Na3+ 47.Kb3 Nb5 48.Kc4 Na3+ 49.Kb3 Nb5 50.e7 Nc7
51.Kc4 Kd7 52.Kxc5 Na6+ 53.Kb5 Nc7+ 54.Kc5 Na6+ 55.Kc4 Nc7 56.Nc3 Ne8 57.Kc5 Nd6
58.Nb5 Nb7+ 59.Kb4 a6 60.Nc7 Kxe7 61.Ne6 g6 62.Nd4 g5 63.Nc6+ Kd6 64.Nb8 Nc5
65.Kc4 Nb7

[Event "StL-B-West 2002/03"]
[Site "St. Veit"]
[Date "2002.10.12"]
[Round "2"]
[Board "5"]
[White "Kranz, Armin"]
[Black "Maier, Peter"]
[Result "0-1"]
[WhiteElo "2153"]
[BlackElo "2164"]
[PlyCount "88"]

1.d4 g6 2.Nf3 Bg7 3.g3 d6 4.Bg2 Nf6 5.c4 O-O 6.Nc3 Nbd7 7.O-O e5 8.h3 a6 9.e4 b5
10.cxb5 axb5 11.dxe5 dxe5 12.b4 Rb8 13.Re1 Qe7 14.Rb1 Re8 15.Qe2 c5 16.bxc5 b4
17.Nd5 Nxd5 18.exd5 Qxc5 19.Ng5 Qa5 20.Rd1 Nc5 21.Be3 Bf5 22.Rbc1 Na4 23.g4 Bd7
24.d6 Nc3 25.Qc4 Rf8 26.Rxc3 bxc3 27.Bd5 Rbc8 28.Bxf7+ Kh8 29.Qb3 c2 30.Rc1 Rc3
31.Qb7 Rxe3 32.Rxc2 Re1+ 33.Kg2 Qa8 34.Qxa8 Rxa8 35.Rc7 Bf6 36.Bd5 Rf8 37.Nf7+
Rxf7 38.Bxf7 Bb5 39.Bb3 Re2 40.d7 Rd2 41.Rc8+ Kg7 42.a4 Bxd7 43.Rg8+ Kh6 44.Bc4
Bh4

[Event "StL-B-West 2002/03"]
[Site "St. Veit"]
[Date "2002.10.12"]
[Round "2"]
[Board "6"]
[White "Eiler, Gebhard"]
[Black "Wallis, Toni"]
[Result "1/2-1/2"]
[WhiteElo "2079"]
[BlackElo "2137"]
[PlyCount "37"]

1.d4 d5 2.Nf3 c6 3.e3 Bg4 4.Bd3 Nf6 5.Nbd2 e6 6.b3 Bb4 7.Bb2 Ne4 8.Bxe4 dxe4
9.h3 exf3 10.hxg4 fxg2 11.Rg1 Nd7 12.c3 Be7 13.Qf3 Qa5 14.Rxg2 O-O-O 15.a4 e5
16.Nc4 Qd5 17.e4 Qe6 18.O-O-O exd4 19.cxd4

[Event "StL-B-West 2002/03"]
[Site "St. Veit"]
[Date "2002.10.13"]
[Round "3"]
[Board "1"]
[White "Mathe, Gaspar"]
[Black "Shchekachev, Andrei"]
[Result "1/2-1/2"]
[WhiteElo "2363"]
[BlackElo "2546"]
[PlyCount "36"]

1.e4 c5 2.Nf3 d6 3.Bb5+ Nd7 4.c4 Ngf6 5.Nc3 g6 6.d4 cxd4 7.Nxd4 Bg7 8.O-O O-O
9.Bxd7 Bxd7 10.b3 a6 11.a4 Qa5 12.Bb2 Qg5 13.Qd3 Ng4 14.Nd5 Rae8 15.Nf3 Qh6
16.Bxg7 Qxg7 17.h3 Nh6 18.Nb6 Rd8

[Event "StL-B-West 2002/03"]
[Site "St. Veit"]
[Date "2002.10.13"]
[Round "3"]
[Board "2"]
[White "Hertneck, Gerald"]
[Black "Bensch, Patrick"]
[Result "1/2-1/2"]
[WhiteElo "2516"]
[BlackElo "2298"]
[PlyCount "35"]

1.Nf3 Nf6 2.c4 g6 3.Nc3 d5 4.cxd5 Nxd5 5.e4 Nxc3 6.dxc3 Qxd1+ 7.Kxd1 Bg7 8.Kc2
Nd7 9.Be3 Nf6 10.Bd4 O-O 11.Re1 b6 12.Bc4 Bb7 13.e5 Nd5 14.e6 f6 15.Be3 Nxe3+
16.Rxe3 Bh6 17.Re2 Rfd8 18.h4

[Event "StL-B-West 2002/03"]
[Site "St. Veit"]
[Date "2002.10.13"]
[Round "3"]
[Board "4"]
[White "Riedel, Wolfgang"]
[Black "Heiduczek, Josef"]
[Result "1/2-1/2"]
[WhiteElo "2348"]
[BlackElo "2239"]
[PlyCount "106"]

1.d4 f5 2.Nc3 Nf6 3.Bg5 d5 4.Bxf6 exf6 5.e3 c6 6.h4 Qb6 7.Rb1 h5 8.Nge2 Be6
9.Nf4 Bf7 10.a3 Nd7 11.g3 Bd6 12.Be2 g6 13.Kf1 O-O-O 14.b4 g5 15.Nd3 f4 16.gxf4
gxf4 17.Nxf4 Bxf4 18.exf4 Qc7 19.Qd2 Nb6 20.f3 Be6 21.Kf2 Bf5 22.Rbg1 Rhg8
23.Rxg8 Rxg8 24.Rg1 Rxg1 25.Kxg1 Qh7 26.Bd3 Nc4 27.Bxc4 dxc4 28.Qe2 Qg6+ 29.Kh2
Bxc2 30.Qxc4 Qf5 31.d5 Bd3 32.Qd4 Bf1 33.Kg1 Qh3 34.Qf2 Bd3 35.dxc6 bxc6 36.Na4
Bc4 37.Nc5 Bd5 38.Qg2 Qxh4 39.Qg7 Qe1+ 40.Kh2 Qf2+ 41.Qg2 Qxf3 42.Qxf3 Bxf3
43.Kg3 Bg4 44.Ne4 f5 45.Nf6 Kc7 46.Kh4 Kb6 47.Nxh5 Kb5 48.Ng7 Ka4 49.Kg5 Kxa3
50.Nxf5 Bh3 51.Nd4 Kxb4 52.Nxc6+ Kb5 53.Nxa7+ Kb6

[Event "StL-B-West 2002/03"]
[Site "St. Veit"]
[Date "2002.10.13"]
[Round "3"]
[Board "5"]
[White "Spiesberger, Gerhard"]
[Black "Ljubic, Juro"]
[Result "0-1"]
[WhiteElo "2093"]
[BlackElo "2291"]
[PlyCount "93"]

1.Nf3 c5 2.c4 b6 3.g3 Bb7 4.Bg2 g6 5.O-O Bg7 6.Nc3 Nf6 7.Rb1 O-O 8.a3 d5 9.cxd5
Nxd5 10.Nxd5 Bxd5 11.d3 a5 12.b3 Nc6 13.Bb2 e5 14.Ne1 Nd4 15.Ba1 Ra7 16.Bxd5
Qxd5 17.Ng2 f5 18.Bxd4 cxd4 19.Qc2 Qd6 20.Qb2 Rc7 21.Rfc1 Rfc8 22.a4 Bf8 23.Rc4
Qd7 24.Qc2 Bb4 25.Rc1 Bc3 26.e3 b5 27.Rxc7 Rxc7 28.exd4 Qxd4 29.axb5 Be1 30.Nxe1
Rxc2 31.Rxc2 Qb4 32.Nf3 Qxb3 33.Rc8+ Kg7 34.Nxe5 Qxb5 35.Rc7+ Kf6 36.Nc4 Qb1+
37.Kg2 Qxd3 38.Nxa5 Qd5+ 39.Kg1 Qxa5 40.Rxh7 g5 41.h4 Kg6 42.Re7 gxh4 43.gxh4
Qb4 44.Re6+ Kh5 45.Re3 Kxh4 46.Kg2 f4 47.Rd3